000 00446nam a2200181Ia 4500
003 OSt
005 20260328101622.0
008 250729s2005 xx 000 0 und d
040 _cAL
041 _akan
082 _a370.15 AYOK
100 _aDr.Ayodhya R K
_9230647
245 _aKhinnathe ,nana roopa , mano vikoopa
260 _aBangalore
_bMadhura Prakashana
_c2005
300 _a84p
650 _aPsychology
_9230648
942 _2ddc
_cBED
999 _c238886
_d238886